Pakistan in Perspective 1947-1997 (Record no. 563856)

000 -LEADER
fixed length control field 00329nam a2200121Ia 4500
008 - FIXED-LENGTH DATA ELEMENTS--GENERAL INFORMATION
fixed length control field 210430s9999 xx 000 0 und d
082 ## - DEWEY DECIMAL CLASSIFICATION NUMBER
Classification number 955 p1521 p
100 ## - MAIN ENTRY--PERSONAL NAME
Personal name Rafi Raza
9 (RLIN) 53686
245 ## - TITLE STATEMENT
Title Pakistan in Perspective 1947-1997
Statement of responsibility, etc. Rafi Raza
260 ## - PUBLICATION, DISTRIBUTION, ETC.
Place of publication, distribution, etc. New york
Name of publisher, distributor, etc. Worldwide in oxford
Date of publication, distribution, etc. 2001
300 ## - PHYSICAL DESCRIPTION
Extent 320p
942 ## - ADDED ENTRY ELEMENTS (KOHA)
Koha item type Book
Source of classification or shelving scheme
Holdings
Withdrawn status Lost status Damaged status Not for loan Collection code Permanent Location Current Location Shelving location Date acquired Total Checkouts Full call number Barcode Date last seen Price effective from Koha item type
          School of Chemical & Materials Engineering (SCME) School of Chemical & Materials Engineering (SCME) General Stacks     955 p1521 p SCME-3025 04/30/2021 04/30/2021 Book
© 2023 Central Library, National University of Sciences and Technology. All Rights Reserved.